000 00316nam a2200133Ia 4500
003 OSt
005 20230726111150.0
008 170524s9999 xx 000 0 und d
040 _cIIMT UNIVERSITY
100 _aHERREY
245 0 _aMANAGEMENT OF ORGANIZATION BEHAVIOUR
260 _bCONCEPT PUB. CO.
942 _2ddc
_c02
999 _c7900
_d7900